00766nam a2200205Ia 4500001000700000003000500007008004100012010001100053040000900064082001400073100012300087245011200210260005400322300001100376440000500387500001600392503000500408650012300413650002400536Z_4701CHAP220113s1987 xx 000 0 und d a163628 cCHAP a633.2 R43 aRed Internacional de Evaluación de Pastos Tropicales. Reunión del Comité Asesor (5: 1987: Chiriquí, Panamá) aLa investigación en pastos dentro del contexto científico y socioeconómico de los paises /cpor CIAT aDavid Chiriquí, Panamá :bEl Comité,c1987 a371 p. a aFotocopía a aPastizalesxCongresos I. Centro Internacional de Agricultura Tropical, Colombia III. Evaluación de pastos tropicales aPastosxTrópicos